Zákon schválený Zákon NR SR z 22. marca 1996 o územnom a správnom usporiadaní Slovenskej republiky

Plné znenie zákona NR SR z 22. marca 1996 o územnom a správnom usporiadaní Slovenskej republiky.

Gespeichert in:
Bibliographische Detailangaben
Format: Buchkapitel
Sprache:Slowakisch
Schlagworte:
Tags: Tag hinzufügen
Keine Tags, Fügen Sie das erste Tag hinzu!

MARC

LEADER 00000naa a2200000 4500
001 r020863
005 20230825075505.5
041 0 |a slo 
044 |a SK 
245 1 0 |a Zákon schválený  |b Zákon NR SR z 22. marca 1996 o územnom a správnom usporiadaní Slovenskej republiky 
520 |a Plné znenie zákona NR SR z 22. marca 1996 o územnom a správnom usporiadaní Slovenskej republiky. 
610 2 0 |a obce 
610 2 0 |a kraje 
610 2 0 |a okresy 
610 2 0 |a usporiadanie krajiny 
610 2 0 |a Slovensko 
610 2 0 |a zákony 
610 2 0 |a 1996